00308nam a2200121Ia 4500008004100000020001800041041000800059082002400067100001600091245003100107260003900138300000900177230411s9999 xx 000 0 und d a0-7020-1808-2 aeng aF/616.89/PAT/B03750 aPatel Ashok aComplete MRCPsych : Part 2 bW B Saunders CompanyaLondonc1994 a231p